00398 a2200097 4500001001000000005001700010008004100027245008500068100002500153773012200178ART_1085320260410161853.0260409a 10aLa igualdad como condición de posibilidad de la democracia y la equidad social1 aCárcova, Carlos M.0 tFilosofía del derechogCuestiones conceptuales, metodológicas y normativas - Año I, Nº 1 (mayo 2012)wREV10449